Treat your customers : thirty lessons on service and sales ;that i learned at my family's dairy queen store

Bibliographic Details
Main Author: Miglani, Bob
Format: Book
Published: New York : Hyperion , 2006
Subjects:

MARC

LEADER 00000cam a2200000 7i4500
001 0000018327
005 20080605.0
008 080605
020 |a 1401308562 
090 0 0 |a 658.812   |b MIG 
100 1 |a Miglani, Bob 
245 1 0 |a Treat your customers :   |b thirty lessons on service and sales ;that i learned at my family's dairy queen store   |c Bob Miglani 
260 |a New York :   |b Hyperion ,   |c 2006 
650 0 |a Customer relations 
999 |a 0001020297   |b Book   |c Adult Collection   |e Perbadanan Perpustakaan Awam Johor